Olivia Rodrigo - Associer les chansons à l'album #1 - Statistiques

Statistiques générales
  • Ce quiz a été pris 130 fois
  • Le résultat moyen est 9 sur 10
Statistiques - réponses
Hint Réponse % Correct
drivers license Sour
96%
love is embarrassing Guts
94%
making the bed Guts
94%
good 4 u Sour
94%
jealousy, jealousy Sour
94%
vampire Guts
93%
girl i've always been Guts
93%
favorite crime Sour
93%
brutal
Sour
92%
bad idea right? Guts
89%
Aucun quiz correspondant
Distribution des résultats
% des personnes avec chaque résultat
Percentile par nombre de réponses
Votre historique - résultats
Vous n’avez pas pris ce quiz